|
|
|
|
| LEADER |
00000cam a2200000 7i4500 |
| 001 |
0000081964 |
| 005 |
20230607152249.0 |
| 008 |
190113 |
| 020 |
|
|
|a 9789674115234
|
| 041 |
0 |
|
|a Malay
|
| 090 |
0 |
0 |
|a JF CT
|b MAL
|
| 245 |
0 |
0 |
|a Pak Malim yang pintar
|
| 260 |
|
|
|a Selangor :
|b PTS Publishing House Sdn. Bhd ,
|c 2015
|
| 300 |
|
|
|a 68p. :
|b col.ill. ;
|c 21.5cm.
|
| 490 |
0 |
|
|a Siri hikayat teladan
|
| 500 |
|
|
|a Children ages 7-9 years old (orange)
|
| 541 |
|
|
|c Purchased on 2018
|
| 541 |
|
|
|f 2018/9 NTR
|h RM9.90
|
| 650 |
|
0 |
|a Classic tales
|
| 999 |
|
|
|a 0000152768
|b Book
|c Children Collection
|e Cawangan Bandar Tenggara
|
| 999 |
|
|
|a 0001527673
|b Book
|c Children Collection
|e Cawangan Batu Pahat
|
| 999 |
|
|
|a 0001527674
|b Book
|c Children Collection
|e Cawangan Kota Tinggi
|
| 999 |
|
|
|a 0001527675
|b Book
|c Children Collection
|e Cawangan Segamat
|
| 999 |
|
|
|a 0001527676
|b Book
|c Children Collection
|e Cawangan Taman Sri Lambak
|
| 999 |
|
|
|a 0001527677
|b Book
|c Children Collection
|e Cawangan Sri Merlong
|
| 999 |
|
|
|a 0001527678
|b Book
|c Children Collection
|e Cawangan Pontian
|
| 999 |
|
|
|a 0001527681
|b Book
|c Children Collection
|e Cawangan Taman Universiti
|
| 999 |
|
|
|a 0001527682
|b Book
|c Children Collection
|e Cawangan Tmn. Ungku Tun Aminah
|
| 999 |
|
|
|a 0001527683
|b Book
|c Children Collection
|e Cawangan Mersing
|
| 999 |
|
|
|a 0001527684
|b Book
|c Children Collection
|e Cawangan Bukit Gambir
|
| 999 |
|
|
|a 0001527685
|b Book
|c Children Collection
|e Cawangan Bandar Penawar
|
| 999 |
|
|
|a 0001529021
|b Book
|c Children Collection
|e Perbadanan Perpustakaan Awam Johor
|
| 999 |
|
|
|a 0001529022
|b Book
|c Children Collection
|e Cawangan Urban Transformation Centre
|
| 999 |
|
|
|a 0001529023
|b Book
|c Children Collection
|e Cawangan AEON Kulaijaya
|